Every Penn State Football player drafted since 2016. - Statistics

General Stats
  • This quiz has been taken 26 times
  • The average score is 19 of 56
Answer Stats
Hint Answer % Correct
2025 Abdul Carter
94%
2018 Saquon Barkley
94%
2022 Jahan Dotson
78%
2021 Micah Parsons
78%
2025 Tyler Warren
78%
2021 Pat Friermuth
72%
2024 Olu Fashanu
67%
2023 Sean Clifford
67%
2019 Trace McSorley
67%
2017 Chris Godwin
61%
2024 Chop Robinson
56%
2023 Joey Porter Jr.
56%
2024 Kalen King
50%
2020 KJ Hamler
50%
2025 Kobe King
50%
2023 Parker Washington
50%
2024 Theo Johnson
50%
2016 Austin Johnson
44%
2023 Brenton Strange
44%
2022 Jaquan Brisker
44%
2018 Mike Gesicki
44%
2019 Miles Sanders
44%
2018 Marcus Allen
39%
2020 Cam Brown
33%
2018 DeSean Hamilton
33%
2025 Jaylen Reed
33%
2023 Ji'Ayir Brown
33%
2020 Yetur Gross Matos
33%
2022 Brandon Smith
28%
2024 Caedan Wallace
28%
2016 Christian Hackenberg
28%
2025 Kevin Winston Jr.
28%
2022 Tariq Castro Fields
22%
2024 Hunter Nourzad
17%
2023 Juice Scruggs
17%
2019 Nick Scott
17%
2021 Will Fries
17%
2022 Arnold Ebiketie
11%
2016 Carl Nassib
11%
2019 Conner McGovern
11%
2024 Daequan Hardy
11%
2020 John Reid
11%
2022 Jordan Stout
11%
2022 Rasheed Walker
11%
2021 Shaka Toney
11%
2024 Adisa Issac
6%
2019 Amani Oruwariye
6%
2022 Jesse Luketa
6%
2021 Odafe Oweh
6%
2019 Shareef Miller
6%
2016 Anthony Zettel
0%
2018 Christian Campbell
0%
2016 Jordan Lucas
0%
2021 Michael Menet
0%
2020 Robert Windsor
0%
2018 Troy Apke
0%
No matching quizzes found
Score Distribution
Percent of People with Each Score
Percentile by Number Answered
Your Score History
You have not taken this quiz